Ročné zúčtovanie preddavkov na daň z príjmov zo závislej činnosti za zdaňovacie obdobie roku 2004

Bibliographic Details
Main Author: Valicová, Viera (Author)
Format: Article
Language:Slovak
Subjects:

MARC

LEADER 00000nab a2200000 a 4500
001 vtls001521624
003 SK-MaSNL
005 20260304045816.0
008 050331c2005 xo mr|n|||||||000 b|slo
015 |a SNBRB2005/03  |2 snkbucl 
038 |a SNKBUCL 
040 |a SNKBUCL  |b slo  |c SNKBUCL  |e AACR2 
041 0 |a slo  |b ger 
044 |a xo  |c SK 
080 |a 336.226.112.1:336.225.66  |x (437.6)  |2 UDC-MRF-SK2 
080 |a 336.225.66  |x (437.6)  |2 UDC-MRF-SK2 
100 1 |a Valicová, Viera  |4 aut  |9 648793 
245 1 0 |a Ročné zúčtovanie preddavkov na daň z príjmov zo závislej činnosti za zdaňovacie obdobie roku 2004  |c Viera Valicová 
300 |b Príl. 
546 |a Res. nem. 
648 7 |a 2004  |2 snkbucl  |9 303492 
650 0 7 |a daň z príjmov zo závislej činnosti  |2 snkbucl  |9 2122 
650 0 7 |a preddavky  |x ročné zúčtovanie  |2 snkbucl  |9 1042621 
651 7 |a Slovensko  |2 snkbucl 
773 0 |t Účtovníctvo. Audítorstvo. Daňovníctvo v teórii a praxi s prílohou  |g Roč. XIII., č. 2 (2005), s. 58-62  |x 1335-2024 
852 |a SNK  |b KIS3GCP 
999 |c 2694635  |d 2696565